000 01002nam a2200301Ia 4500
005 20220316235231.0
008 121119s1992 ck a gr 000 0 spa
020 _a9589093485
041 1 _aspa
100 1 _aWalsh, Ellen Stoll,
245 1 0 _aCuenta ratones
_cEllen Stoll Walsh ; traducción de Gerardo Cabello
250 _aPrimera edición
264 1 _aBogotá
_bFondo de Cultura Económica
_c1992
300 _a30 páginas
_bilustraciones
_c19 cm.
336 _atexto
_btxt
_2rdacontent
337 _asin mediación
_bn
_2rdamedia
338 _avolumen
_bnc
_2rdacarrier
490 0 _aLos especiales de a la orilla del viento
650 1 4 _2LEMB
_aLiteratura infantil estadounidense
_ySiglo XX
650 1 4 _2LEMB
_aCuentos estadounidenses
_ySiglo XX
650 1 4 _2LEMB
_aNúmeros
_vCuentos
650 1 4 _2LEMB
_aRatones
_vCuentos
700 1 _aCabello, Gerardo
_etraductor
_9116680
942 _2loc
_cBKLIT
040 _aCO-BoRNBP
_bspa
_erda
_cCO-BoRNBP
084 _aA WAL1
999 _c312
_d312